Лексичні одиниці як засіб формування формування мовної картини нації та індивіда зокрема (Запис № 283986)

МАРК-запис
000 -LEADER
fixed length control field 01809nam a22001577a 4500
041 ## - LANGUAGE CODE
Language code of text/sound track or separate title ukr
080 ## - UNIVERSAL DECIMAL CLASSIFICATION NUMBER
Universal Decimal Classification number 09
090 ## - LOCALLY ASSIGNED LC-TYPE CALL NUMBER (OCLC); LOCAL CALL NUMBER (OCLC)
Local cutter number (OCLC) ; Book number/undivided call number, CALL (RLIN) КУН
100 ## - MAIN ENTRY--PERSONAL NAME
Personal name Куніцька І.Г.
245 ## - TITLE STATEMENT
Title Лексичні одиниці як засіб формування формування мовної картини нації та індивіда зокрема
260 ## - PUBLICATION, DISTRIBUTION, ETC. (IMPRINT)
Place of publication, distribution, etc Острог
Name of publisher, distributor, etc КАФ
Date of publication, distribution, etc 2007
300 ## - PHYSICAL DESCRIPTION
Extent 67
520 ## - SUMMARY, ETC.
Summary, etc Вступ<br/>Розділ 1. Процес формування соціальної особистості.<br/>1.1. Мова як засіб спілкування.<br/>1.2. Соціалізація та етнізація індивіда.<br/>1.3. Етнокультурний компонент слова. <br/>Розділ 2. Етнічні особливості мовних картин.<br/>2.1. Смислові категорії як абстрактний рівень мовної картини світу.<br/>2.2. Роль семантичних асоціацій у формуванні словникового складу мови.<br/>Розділ 3. Лексеми як відображення національного характеру, культури та бачення світу.<br/>3.1. Культурні концепти як невідємна частина повсякденної комунікації певного етносу.<br/>3.2. Концепти "серце" і "душа" у словянській моделі етнічної особистості.<br/>3.3. Лексеми "серце" і "душа" як компоненти англійських, німеьких та українських метафор і фразеологізмів.<br/>Висновки.
-- картина світу, мова, серце, душа
650 ## - SUBJECT ADDED ENTRY--TOPICAL TERM
Topical term or geographic name as entry element Research Papers
942 ## - ADDED ENTRY ELEMENTS (KOHA)
Koha item type Книги
Фонди
Withdrawn status Lost status Source of classification or shelving scheme Damaged status Not for loan Home library Current library Date acquired Source of acquisition Cost, normal purchase price Total Checkouts Full call number Barcode Date last seen Price effective from Koha item type
    Universal Decimal Classification     ВІЛ - Відділ іноземн. літератури НБ ВІЛ - Відділ іноземн. літератури НБ 16/04/2009 Акт №1 1.00   09 213709 20/12/2021 16/04/2009 Книги